Online katalóg knižníc regiónu Turca

Veľká kniha otázok a odpovedí (Record no. 21955)

MARC details
000 -LEADER
fixed length control field 01923nam a2200517 a 4500
001 - CONTROL NUMBER
control field 21955
003 - CONTROL NUMBER IDENTIFIER
control field VRT
005 - DATE AND TIME OF LATEST TRANSACTION
control field 20260316114124.0
008 - FIXED-LENGTH DATA ELEMENTS--GENERAL INFORMATION
fixed length control field 160610s2011 xo bocac e 001 0 slo
015 ## - NATIONAL BIBLIOGRAPHY NUMBER
National bibliography number SNBA2012/05-02843
020 ## - INTERNATIONAL STANDARD BOOK NUMBER
International Standard Book Number 9788081074394 (brož.)
035 ## - SYSTEM CONTROL NUMBER
System control number E91172A4-D9BC-4E81-879D-1FD19F761572
035 ## - SYSTEM CONTROL NUMBER
System control number urn:nbn:sk:snk-amlc9s
035 ## - SYSTEM CONTROL NUMBER
System control number urn:nbn:sk:snk-am00912e
039 #9 - LEVEL OF BIBLIOGRAPHIC CONTROL AND CODING DETAIL [OBSOLETE]
Level of rules in bibliographic description 202305090743
Level of effort used to assign nonsubject heading access points AUTHORITY
Level of effort used to assign subject headings 202305031540
Level of effort used to assign classification AUTHORITY
Level of effort used to assign subject headings 201606101911
Level of effort used to assign classification VLOAD
Level of effort used to assign subject headings 201507071641
Level of effort used to assign classification VLOAD
040 ## - CATALOGING SOURCE
Original cataloging agency SNK
Language of cataloging slo
Transcribing agency SNK
Description conventions AACR2
041 1# - LANGUAGE CODE
Language code of text/sound track or separate title slo
Language code of original eng
044 ## - COUNTRY OF PUBLISHING/PRODUCING ENTITY CODE
MARC country code xo
ISO country code SK
072 #7 - SUBJECT CATEGORY CODE
Subject category code 00
Subject category code subdivision Veda. Všeobecnosti. Základy vedy a kultúry. Vedecká práca
Source konspekt
072 #7 - SUBJECT CATEGORY CODE
Subject category code 0/9-053.2
Subject category code subdivision Literatúra pre deti a mládež (náučná)
Source konspekt
080 ## - UNIVERSAL DECIMAL CLASSIFICATION NUMBER
Universal Decimal Classification number 0/9
Edition identifier 2001
080 ## - UNIVERSAL DECIMAL CLASSIFICATION NUMBER
Universal Decimal Classification number (031)
Edition identifier 2001
080 ## - UNIVERSAL DECIMAL CLASSIFICATION NUMBER
Universal Decimal Classification number (0.053.2)
Edition identifier 2001
240 10 - UNIFORM TITLE
Uniform title Train your brain
Language of a work Slovensky
245 00 - TITLE STATEMENT
Title Veľká kniha otázok a odpovedí
Statement of responsibility, etc. [z anglického vydania preložil Martin Lukáč]
250 ## - EDITION STATEMENT
Edition statement 1. slov. vyd.
260 ## - PUBLICATION, DISTRIBUTION, ETC.
Place of publication, distribution, etc. Bratislava
Name of publisher, distributor, etc. Svojtka
Date of publication, distribution, etc. 2011
300 ## - PHYSICAL DESCRIPTION
Extent 319 s.
Other physical details fotogr., ilustr., mp., portréty
Dimensions 28 cm
504 ## - BIBLIOGRAPHY, ETC. NOTE
Bibliography, etc. note Terminol. slov. Reg.
650 07 - SUBJECT ADDED ENTRY--TOPICAL TERM
Topical term or geographic name entry element všeobecné vedomosti
Source of heading or term SNKPH
650 07 - SUBJECT ADDED ENTRY--TOPICAL TERM
Topical term or geographic name entry element všeobecnosti a zaujímavosti
Source of heading or term SNKPH
650 07 - SUBJECT ADDED ENTRY--TOPICAL TERM
Topical term or geographic name entry element General knowledge
Source of heading or term SNKPHeng
650 07 - SUBJECT ADDED ENTRY--TOPICAL TERM
Topical term or geographic name entry element Facts and features
Source of heading or term SNKPHeng
655 #7 - INDEX TERM--GENRE/FORM
Genre/form data or focus term encyklopédie
Source of term SNKPH
655 #7 - INDEX TERM--GENRE/FORM
Genre/form data or focus term publikácie pre deti
Source of term SNKPH
655 #7 - INDEX TERM--GENRE/FORM
Genre/form data or focus term Encyclopedias
Source of term SNKPHeng
655 #7 - INDEX TERM--GENRE/FORM
Genre/form data or focus term Children’s literature
Source of term SNKPHeng
700 1# - ADDED ENTRY--PERSONAL NAME
Personal name Lukáč, Martin,
Dates associated with a name 1971 október 31.-
Relationship trl
942 ## - ADDED ENTRY ELEMENTS (KOHA)
Source of classification or shelving scheme Dewey Decimal Classification
Koha item type Odborná literatúra pre deti
Suppress in OPAC No
949 ## - LOCAL PROCESSING INFORMATION (OCLC)
6 17A0877810
a snkSB 82541
b snk2012/4133
o 482/12
s 6100:20140925
949 ## - LOCAL PROCESSING INFORMATION (OCLC)
6 17A0877811
a snkSB 82541 D1
b snk2012/4134
o 4782/12
949 ## - LOCAL PROCESSING INFORMATION (OCLC)
6 273K0542554
a svkpoC 52193
b svkpo546632
949 ## - LOCAL PROCESSING INFORMATION (OCLC)
6 2889177745
a savukPV 15985
b savuk2012/1089
949 ## - LOCAL PROCESSING INFORMATION (OCLC)
6 0174027021
a lesknPRINT
b lesknBD2013/20209
980 ## - EQUIVALENCE OR CROSS-REFERENCE-SERIES STATEMENT--PERSONAL NAME/TITLE [LOCAL, CANADA]
Personal name 030
Holdings
Stav vyradenia Strata Poškodenie Spôsob nadobudnutia Domovská knižnica Aktuálna knižnica Dátum nadobudnutia Total checkouts Čiarový kód exemplára Date last seen Typ exemplára
      Dar Obecná knižnica Turčianska Štiavnička Obecná knižnica Turčianska Štiavnička 16.03.2026   4738000399 16.03.2026 Odborná literatúra pre deti
Projekt je podporený Slovenskou asociáciou knižníc
Prevádzkuje Turčianska knižnica Martin 2026